Barely composed : (Record no. 57121)
[ view plain ]
| 000 -LEADER | |
|---|---|
| fixed length control field | 00549nam a2200193Ii 4500 |
| 008 - FIXED-LENGTH DATA ELEMENTS--GENERAL INFORMATION | |
| fixed length control field | 220218s9999 xx 000 0 und d |
| 020 ## - INTERNATIONAL STANDARD BOOK NUMBER | |
| International Standard Book Number | 9780393352832 |
| 050 ## - LIBRARY OF CONGRESS CALL NUMBER | |
| Classification number | PS 3556.U515 |
| Item number | A6 2015 |
| 100 1# - MAIN ENTRY--PERSONAL NAME | |
| Personal name | Fulton, Alice, |
| Relator term | author |
| 245 #0 - TITLE STATEMENT | |
| Title | Barely composed : |
| Remainder of title | poems / |
| Statement of responsibility, etc. | Alice Fulton |
| 264 #1 - PRODUCTION, PUBLICATION, DISTRIBUTION, MANUFACTURE, AND COPYRIGHT NOTICE | |
| Place of production, publication, distribution, manufacture | New York : |
| Name of producer, publisher, distributor, manufacturer | W. W. Norton & Company |
| Date of production, publication, distribution, manufacture, or copyright notice | 2016 |
| 264 #4 - PRODUCTION, PUBLICATION, DISTRIBUTION, MANUFACTURE, AND COPYRIGHT NOTICE | |
| Date of production, publication, distribution, manufacture, or copyright notice | ©2016 |
| 300 ## - PHYSICAL DESCRIPTION | |
| Extent | viii, 94 pages |
| Dimensions | 20 cm |
| 336 ## - CONTENT TYPE | |
| Content type term | text |
| Content type code | txt |
| Source | rdacontent |
| 337 ## - MEDIA TYPE | |
| Media type term | unmediated |
| Media type code | n |
| Source | rdamedia |
| 338 ## - CARRIER TYPE | |
| Carrier type term | volume |
| Carrier type code | nc |
| Source | rdacarrier |
| 650 #0 - SUBJECT ADDED ENTRY--TOPICAL TERM | |
| Topical term or geographic name entry element | Poems |
| 942 ## - ADDED ENTRY ELEMENTS (KOHA) | |
| Koha item type | Foreign Books |
| Withdrawn status | Damaged status | Not for loan | Home library | Current library | Shelving location | Date acquired | Total Checkouts | Barcode | Date last seen | Price effective from | Koha item type | Source of classification or shelving scheme | Full call number |
|---|---|---|---|---|---|---|---|---|---|---|---|---|---|
| Tanay College Library | Tanay College Library | Staff Office | 02/21/2022 | URSTAN-10800 | 02/21/2022 | 02/21/2022 | Foreign Books | ||||||
| Tanay College Library | Tanay College Library | Foreign Section | 03/05/2024 | URSTAN-D10800 | 03/05/2024 | 03/05/2024 | Reserved Books | Library of Congress Classification | PS3556.U515 F858 9999 |